000 00570cam a2200193 4500
001 D15055
008 090401t1984 xxu||||| |||| 00| 0 eng d
035 _a(Sirsi) u19938
041 _aeng
050 _a333.0023
110 _aRoyal Institution of Chartered Surveyors
_94900
245 _aAnnual conference 1984 : profit through efficiency [conference programme] and attendance list
260 _aLondon
_bSurveyors` Technical Services
_c1984
300 _a24p. 21cm
350 _a0
520 _aFiled in box RICS 1984/56 AB
942 _n0
948 _c04/03/1997
999 _c87733
_d87733